Magic the Gathering: Scars of Mirrodin Block Characters - Statistics

General Stats
  • This quiz has been taken 9 times
  • The average score is 13 of 18
Answer Stats
Picture Hint Answer % Correct
New Phyrexia Karn Liberated
100%
Mirrodin Besieged Tezzeret, Agent of Bolas
100%
New Phyrexia Elesh Norn, Grand Cenobite
89%
Scars of Mirrodin Elspeth Tirel
78%
Scars of Mirrodin Geth, Lord of the Vault
78%
Mirrodin Besieged Glissa, the Traitor
78%
New Phyrexia Jin-Gitaxias, Core Augur
78%
Scars of Mirrodin Koth of the Hammer
78%
Scars of Mirrodin Skithiryx, the Blight Dragon
78%
New Phyrexia Urabrask the Hidden
78%
New Phyrexia Vorinclex, Voice of Hunger
78%
Scars of Mirrodin Ezuri, Renegade Leader
67%
New Phyrexia Sheoldred, Whispering One
67%
Scars of Mirrodin Venser, the Sojourner
67%
Mirrodin Besieged Thrun, the Last Troll
56%
New Phyrexia Jor Kadeen, the Prevailer
44%
Scars of Mirrodin Kemba, Kha Regent
44%
New Phyrexia Melira, Sylvok Outcast
44%
No matching quizzes found
Score Distribution
Percent of People with Each Score
Percentile by Number Answered
Your Score History
You have not taken this quiz